[Event "Terre degli Elimi op 3rd"]
[Site "Erice"]
[Date "2012.07.26"]
[Round "2"]
[White "Bocci, Alessandro"]
[Black "Amato, Andrea"]
[Result "1/2-1/2"]
[WhiteElo "1905"]
[BlackElo "2263"]
[PlyCount "60"]
[EventDate "2012.07.25"]
[EventType "swiss"]
[EventRounds "7"]
[EventCountry "ITA"]
[SourceTitle "EXT 2013"]
[Source "ChessBase"]
[SourceDate "2012.11.22"]
[SourceVersion "1"]
[SourceVersionDate "2012.11.22"]
[SourceQuality "1"]

1. d4 d5 2. c4 dxc4 3. Nf3 Nf6 4. e3 e6 5. Bxc4 c5 6. 0-0 a6 7. Bb3 b5 8. dxc5 Qxd1 9. Rxd1 Bxc5 10. a4 b4 11. Nbd2 a5 12. Bc2 Bb7 13. b3 Nbd7 14. Bb2 Ke7 15. Nc4 Nb6 16. Nxb6 Bxb6 17. Ne5 Rhd8 18. Nc4 Bc7 19. Rxd8 Rxd8 20. Rd1 Rd5 21. Rxd5 Bxd5 22. Bd4 Bxc4 23. Bxf6+ Kxf6 24. bxc4 h6 25. h3 Ke5 26. Kf1 f5 27. Ke2 f4 28. Kd3 Bb6 29. Bd1 g5 30. Bc2 Bc5 1/2-1/2

[Event "Terre degli Elimi op 3rd"]
[Site "Erice"]
[Date "2012.07.25"]
[Round "1"]
[White "Savalla, Gianluca"]
[Black "Bocci, Alessandro"]
[Result "0-1"]
[WhiteElo "1674"]
[BlackElo "1905"]
[PlyCount "138"]
[EventDate "2012.07.25"]
[EventType "swiss"]
[EventRounds "7"]
[EventCountry "ITA"]
[SourceTitle "EXT 2013"]
[Source "ChessBase"]
[SourceDate "2012.11.22"]
[SourceVersion "1"]
[SourceVersionDate "2012.11.22"]
[SourceQuality "1"]

1. d4 Nf6 2. Nf3 g6 3. Nbd2 Bg7 4. e4 d6 5. Bd3 0-0 6. c3 c5 7. 0-0 cxd4 8. cxd4 b6 9. Re1 Bb7 10. d5 Nbd7 11. Rb1 Rc8 12. b3 Qc7 13. Bb2 Qb8 14. Rc1 Nc5 15. Be2 Ba6 16. Nd4 Bd3 17. Nc6 Qb7 18. f3 Rfe8 19. Nb4 Bxe2 20. Rxe2 a5 21. Nc6 Nd3 22. Bxf6 Bxf6 23. Rc2 Ne5 24. Nxe5 Bxe5 25. Nc4 Bg7 26. Qd2 b5 27. Nxa5 Rxc2 28. Qxc2 Qb6+ 29. Rf2 Qxa5 30. Kf1 Qc3 31. Qd1 Rc8 32. g3 Qc1 33. Qxc1 Rxc1+ 34. Kg2 Rb1 35. f4 Rb2 36. Rxb2 Bxb2 37. Kf3 Bd4 38. Ke2 Kf8 39. h3 Ke8 40. Kd3 Bf2 41. g4 Kd7 42. a4 bxa4 43. bxa4 Kc7 44. Kc4 Kb6 45. Kb3 e6 46. Kc4 Be3 47. dxe6 fxe6 48. f5 exf5 49. gxf5 gxf5 50. exf5 Kc6 51. f6 Bh6 52. a5 Bf8 53. h4 h5 54. f7 Be7 55. Kb4 Kb7 56. Kc4 Ka6 57. Kb4 Bf8 58. Ka4 d5 59. Kb3 Kxa5 60. Kc3 Kb6 61. Kd4 Kc6 62. Kc3 Kc5 63. Kd3 d4 64. Kd2 Kd5 65. Kd3 Bh6 66. Ke2 Kc4 67. Ke1 Kc3 68. Kd1 Kd3 69. Ke1 Kc2 0-1

[Event "Bergamo op 10th"]
[Site "Bergamo"]
[Date "2011.07.17"]
[Round "6"]
[White "Bocci, Alessandro"]
[Black "Ranfagni, Stefano"]
[Result "1/2-1/2"]
[WhiteElo "1941"]
[BlackElo "2006"]
[PlyCount "93"]
[EventDate "2011.07.15"]
[EventType "swiss"]
[EventRounds "6"]
[EventCountry "ITA"]
[SourceTitle "EXT 2023"]
[Source "ChessBase"]
[SourceDate "2022.10.05"]
[SourceVersion "1"]
[SourceVersionDate "2022.10.05"]
[SourceQuality "1"]

1. d4 e6 2. c4 f5 3. g3 Nf6 4. Bg2 c6 5. Nh3 d5 6. Qc2 Bd6 7. 0-0 0-0 8. Bf4 Bxf4 9. Nxf4 Qe7 10. Nd2 Nbd7 11. Nf3 Ne4 12. cxd5 exd5 13. Nd3 Kh8 14. b4 Nd6 15. e3 Nc4 16. a3 b6 17. Nb2 Ba6 18. Nxc4 Bxc4 19. Rfc1 b5 20. Bf1 g6 21. Qb2 Rfe8 22. a4 a6 23. axb5 axb5 24. Ra3 Rxa3 25. Qxa3 Nb6 26. Ne5 Qb7 27. Qb2 Ra8 28. Ra1 Bxf1 29. Rxa8+ Qxa8 30. Kxf1 Nc4 31. Nxc4 bxc4 32. b5 cxb5 33. Qxb5 Kg8 34. Qc5 Qb7 35. Kg2 Kf7 36. h4 h5 37. Kf3 Ke6 38. Kg2 Kd7 39. Kf3 Qc6 40. Qa7+ Kc8 41. Ke2 Qb5 42. Qa2 c3+ 43. Ke1 Qd3 44. Qa8+ Kc7 45. Qa7+ Kc6 46. Qc5+ Kb7 47. Qb4+ 1/2-1/2

[Event "Bergamo op 10th"]
[Site "Bergamo"]
[Date "2011.07.17"]
[Round "5"]
[White "Guzzetti, Luigi Enrico"]
[Black "Bocci, Alessandro"]
[Result "0-1"]
[WhiteElo "1962"]
[BlackElo "1941"]
[PlyCount "68"]
[EventDate "2011.07.15"]
[EventType "swiss"]
[EventRounds "6"]
[EventCountry "ITA"]
[SourceTitle "EXT 2023"]
[Source "ChessBase"]
[SourceDate "2022.10.05"]
[SourceVersion "1"]
[SourceVersionDate "2022.10.05"]
[SourceQuality "1"]

1. e4 c5 2. Nf3 Nc6 3. d4 cxd4 4. Nxd4 Qc7 5. Nc3 e6 6. Be2 a6 7. 0-0 Nf6 8. Be3 Bb4 9. Nxc6 bxc6 10. f3 0-0 11. g3 d5 12. exd5 cxd5 13. Na4 Bd7 14. c3 Bd6 15. Kf2 Rab8 16. Rb1 Qa5 17. b3 Bxa4 18. bxa4 Qxc3 19. Bxa6 e5 20. Bb5 Bc5 21. Bxc5 Qxc5+ 22. Kg2 d4 23. Rc1 Qe7 24. Qb3 Rfd8 25. Qd3 Nd5 26. Rfe1 Ne3+ 27. Kg1 h5 28. a5 Qb4 29. a4 Qxa5 30. Re2 Rbc8 31. Ree1 h4 32. g4 Qb4 33. Kh1 Qb2 34. Qe2 Rxc1 0-1

[Event "Bergamo op 10th"]
[Site "Bergamo"]
[Date "2011.07.16"]
[Round "3"]
[White "Gosio, Denis"]
[Black "Bocci, Alessandro"]
[Result "1-0"]
[WhiteElo "2164"]
[BlackElo "1941"]
[PlyCount "53"]
[EventDate "2011.07.15"]
[EventType "swiss"]
[EventRounds "6"]
[EventCountry "ITA"]
[SourceTitle "EXT 2023"]
[Source "ChessBase"]
[SourceDate "2022.10.05"]
[SourceVersion "1"]
[SourceVersionDate "2022.10.05"]
[SourceQuality "1"]

1. e4 c5 2. Nf3 Nc6 3. d4 cxd4 4. Nxd4 Qc7 5. Nc3 e6 6. Be3 Nf6 7. Bd3 a6 8. 0-0 Bb4 9. Na4 Be7 10. Nxc6 bxc6 11. Nb6 Rb8 12. Nxc8 Qxc8 13. e5 Nd5 14. Bc1 Bc5 15. Qg4 g6 16. c4 Ne7 17. b3 h5 18. Qh4 Qc7 19. Bg5 Rg8 20. Rfe1 d6 21. exd6 Bxd6 22. Rad1 c5 23. Be4 Nc6 24. Rxd6 Qxd6 25. Bf4 Qd8 26. Bxc6+ Kf8 27. Bh6+ 1-0

[Event "Crema op 12th"]
[Site "Crema "]
[Date "2010.09.05"]
[Round "1"]
[White "Adami, Alessandro"]
[Black "Bocci, Alessandro"]
[Result "1/2-1/2"]
[WhiteElo "1675"]
[BlackElo "1965"]
[PlyCount "76"]
[EventDate "2010.09.05"]
[EventType "swiss"]
[EventRounds "6"]
[EventCountry "ITA"]
[SourceTitle "EXT 2012"]
[Source "ChessBase"]
[SourceDate "2011.11.24"]
[SourceVersion "1"]
[SourceVersionDate "2011.11.24"]
[SourceQuality "1"]

1. e4 c5 2. Nc3 Nc6 3. g3 g6 4. Bg2 Bg7 5. d3 d6 6. Be3 Nf6 7. h3 0-0 8. Qd2 Bd7 9. Bh6 Rb8 10. Bxg7 Kxg7 11. f4 b5 12. g4 b4 13. Nd1 e5 14. f5 Nd4 15. g5 Nh5 16. f6+ Kh8 17. Nf3 Nxf3+ 18. Bxf3 Nf4 19. h4 h5 20. Ne3 Be6 21. b3 a5 22. a4 d5 23. Nxd5 Nxd5 24. exd5 Bxd5 25. Bxd5 Qxd5 26. 0-0-0 Rbd8 27. Qe2 Rfe8 28. Qe4 Kg8 29. Qxd5 Rxd5 30. Rhe1 Kf8 31. Re4 Re6 32. Rde1 Ke8 33. Kd2 Kd7 34. c4 bxc3+ 35. Kxc3 Kd6 36. Kc4 Re8 37. Kc3 Rb8 38. Rc4 Rb7 1/2-1/2

[Event "Crema op 12th"]
[Site "Crema "]
[Date "2010.09.05"]
[Round "2"]
[White "Bocci, Alessandro"]
[Black "Oteri, Aldo"]
[Result "0-1"]
[WhiteElo "1965"]
[BlackElo "1829"]
[PlyCount "40"]
[EventDate "2010.09.05"]
[EventType "swiss"]
[EventRounds "6"]
[EventCountry "ITA"]
[SourceTitle "EXT 2012"]
[Source "ChessBase"]
[SourceDate "2011.11.24"]
[SourceVersion "1"]
[SourceVersionDate "2011.11.24"]
[SourceQuality "1"]

1. d4 Nf6 2. c4 g6 3. Nc3 Bg7 4. e4 d6 5. Nf3 0-0 6. Be2 e5 7. d5 a5 8. Bg5 h6 9. Bh4 Nbd7 10. Nd2 Qe8 11. a3 Nc5 12. b4 axb4 13. axb4 Rxa1 14. Qxa1 Ncxe4 15. Ndxe4 Nxe4 16. Nxe4 f5 17. Bd3 fxe4 18. Bxe4 Rf4 19. Bxg6 Qxg6 20. Bg3 Re4+ 0-1

[Event "Erice op 1st"]
[Site "Erice"]
[Date "2010.07.31"]
[Round "5"]
[White "Milletari, Ruggero"]
[Black "Bocci, Alessandro"]
[Result "1/2-1/2"]
[WhiteElo "1605"]
[BlackElo "1961"]
[PlyCount "82"]
[EventDate "2010.07.28"]
[EventType "swiss"]
[EventRounds "7"]
[EventCountry "ITA"]
[SourceTitle "EXT 2024"]
[Source "ChessBase"]
[SourceDate "2023.10.10"]
[SourceVersion "1"]
[SourceVersionDate "2023.10.10"]
[SourceQuality "1"]

1. d4 Nf6 2. c4 g6 3. Nc3 Bg7 4. e4 d6 5. f3 0-0 6. Be3 Nc6 7. Bd3 e5 8. d5 Nd4 9. Nge2 Nh5 10. 0-0 c5 11. Qd2 Qe7 12. Bg5 f6 13. Bh4 Qf7 14. g4 g5 15. Be1 Nf4 16. Nxf4 gxf4 17. Ne2 h5 18. Nxd4 cxd4 19. h3 Qg6 20. b4 hxg4 21. hxg4 Kf7 22. Qg2 Rh8 23. Kf2 Bd7 24. Bd2 Rh6 25. Rh1 Rah8 26. Rxh6 Qxh6 27. Rg1 Bf8 28. b5 Qh4+ 29. Kf1 Be7 30. Be1 Qh6 31. a4 Qg7 32. Rh1 Rh6 33. Rh4 Rxh4 34. Bxh4 Qh6 35. Be1 Bd8 36. Kg1 Kg6 37. Qh2 a6 38. Qxh6+ Kxh6 39. Kg2 Be7 40. Bh4 Kg6 41. Be1 Kf7 1/2-1/2

[Event "Erice op 1st"]
[Site "Erice"]
[Date "2010.07.28"]
[Round "1"]
[White "Ferro, Ferruccio"]
[Black "Bocci, Alessandro"]
[Result "0-1"]
[WhiteElo "1522"]
[BlackElo "1961"]
[PlyCount "68"]
[EventDate "2010.07.28"]
[EventType "swiss"]
[EventRounds "7"]
[EventCountry "ITA"]
[SourceTitle "EXT 2024"]
[Source "ChessBase"]
[SourceDate "2023.10.10"]
[SourceVersion "1"]
[SourceVersionDate "2023.10.10"]
[SourceQuality "1"]

1. e4 c5 2. Nf3 Nc6 3. d4 cxd4 4. Nxd4 Qc7 5. Nf3 e6 6. a3 Nf6 7. Nc3 a6 8. Bd3 Be7 9. 0-0 0-0 10. Qe2 d6 11. h3 Bd7 12. Bf4 b5 13. b4 Rac8 14. Rad1 Nxb4 15. Nxb5 Bxb5 16. Bxb5 axb5 17. axb4 e5 18. Bg5 Qxc2 19. Qxb5 Qxe4 20. Rfe1 Qf5 21. Bxf6 Qxf6 22. Rb1 Rc2 23. Re2 Rfc8 24. Rxc2 Rxc2 25. Qe8+ Bf8 26. b5 e4 27. Qxe4 Rc3 28. b6 d5 29. Qxd5 Qg6 30. Rb3 Rc1+ 31. Kh2 Bd6+ 32. Ne5 Qf6 33. Qa8+ Bf8 34. Nf3 Qd6+ 0-1

[Event "Campobasso op-A 17th"]
[Site "Campobasso"]
[Date "2010.07.22"]
[Round "1"]
[White "Sengupta, Deep"]
[Black "Bocci, Alessandro"]
[Result "1-0"]
[WhiteElo "2527"]
[BlackElo "1961"]
[PlyCount "77"]
[EventDate "2010.07.22"]
[EventType "swiss"]
[EventRounds "6"]
[EventCountry "ITA"]
[SourceTitle "EXT 2013"]
[Source "ChessBase"]
[SourceDate "2012.11.22"]
[SourceVersion "1"]
[SourceVersionDate "2012.11.22"]
[SourceQuality "1"]

1. e4 c5 2. Nf3 Nc6 3. d4 cxd4 4. Nxd4 Qc7 5. Nc3 e6 6. Be3 a6 7. Qd2 Nf6 8. 0-0-0 Bb4 9. f3 0-0 10. Nb3 b5 11. Bf4 Bxc3 12. bxc3 Qb6 13. Be3 Qc7 14. Bc5 Rd8 15. Qe3 Re8 16. Bd6 Qa7 17. Qg5 h6 18. Qd2 e5 19. g3 b4 20. cxb4 a5 21. bxa5 Nxa5 22. Nxa5 Qxa5 23. Qxa5 Rxa5 24. a3 Bb7 25. Bc4 Rc8 26. Bb3 g5 27. g4 Kg7 28. h4 Ba6 29. hxg5 hxg5 30. Be7 Bc4 31. Kb2 Rb5 32. a4 Rb7 33. Bd6 Ra8 34. Ka3 Be2 35. Rde1 Bxf3 36. Rhf1 Bxg4 37. Bxe5 Rb6 38. Rxf6 Rxf6 39. Rf1 1-0

[Event "Crema op 11th"]
[Site "Crema"]
[Date "2009.09.06"]
[Round "5"]
[White "Bocci, Alessandro"]
[Black "Bonazzi, Edoardo"]
[Result "1/2-1/2"]
[WhiteElo "1936"]
[BlackElo "2191"]
[PlyCount "116"]
[EventDate "2009.09.04"]
[EventType "swiss"]
[EventRounds "6"]
[EventCountry "ITA"]
[SourceTitle "EXT 2011"]
[Source "ChessBase"]
[SourceDate "2010.11.26"]
[SourceVersion "1"]
[SourceVersionDate "2010.11.26"]
[SourceQuality "1"]

1. d4 Nf6 2. c4 c5 3. d5 b5 4. cxb5 a6 5. b6 e6 6. Nc3 Nxd5 7. Nxd5 exd5 8. Qxd5 Nc6 9. Nf3 Rb8 10. e4 Be7 11. Bc4 0-0 12. 0-0 Rxb6 13. Ne5 Nxe5 14. Qxe5 d6 15. Qg3 Bf6 16. Rb1 Be6 17. Bxe6 fxe6 18. b3 Qb8 19. Be3 Rb4 20. Rbd1 Bd4 21. Bxd4 Rxd4 22. Rxd4 cxd4 23. Qd3 Qb6 24. Qc4 Re8 25. Rd1 Qa5 26. b4 d5 27. Qc6 Qb5 28. Qxb5 axb5 29. Rxd4 Ra8 30. exd5 Rxa2 31. g3 e5 32. Re4 Rd2 33. Rxe5 Rd4 34. d6 Rxd6 35. Rxb5 Rd1+ 36. Kg2 Rb1 37. Rb7 Rb3 38. b5 h6 39. g4 Kh7 40. b6 Kg6 41. Rb8 h5 42. gxh5+ Kxh5 43. b7 Kg6 44. f3 Kh7 45. Kg3 Rb1 46. h4 Rg1+ 47. Kf4 Rb1 48. Kf5 Rb5+ 49. Kg4 Rb4+ 50. f4 Rb1 51. h5 Rg1+ 52. Kf5 Rb1 53. h6 Rb5+ 54. Ke6 Rb6+ 55. Kd5 g6 56. Ke5 Rb4 57. Ke6 Rb6+ 58. Kd7 Rb1 1/2-1/2

[Event "Nicolo La Rosa op 17th"]
[Site "Mazara del Vallo"]
[Date "2009.08.07"]
[Round "2"]
[White "Bocci, Alessandro"]
[Black "Mancuso, Fabrizio"]
[Result "1-0"]
[WhiteElo "1919"]
[BlackElo "1314"]
[PlyCount "57"]
[EventDate "2009.08.07"]
[EventType "swiss"]
[EventRounds "6"]
[EventCountry "ITA"]
[SourceTitle "EXT 2011"]
[Source "ChessBase"]
[SourceDate "2010.11.26"]
[SourceVersion "1"]
[SourceVersionDate "2010.11.26"]
[SourceQuality "1"]

1. d4 Nf6 2. c4 e6 3. Nf3 d5 4. Nc3 Bb4 5. cxd5 exd5 6. Bg5 0-0 7. Qc2 Bg4 8. Ne5 Bh5 9. e3 Bg6 10. Bd3 Bxd3 11. Qxd3 Qd6 12. 0-0 Bxc3 13. bxc3 Nc6 14. Bxf6 Qxf6 15. Nd7 Qe6 16. Nxf8 Rxf8 17. Qb5 b6 18. Rab1 Na5 19. Qa6 Nc4 20. Rfe1 Qc6 21. Qb5 Qd6 22. Rbd1 f5 23. f3 Rf6 24. e4 Qc6 25. Qxc6 Rxc6 26. exd5 Rd6 27. Re7 Rxd5 28. Rxc7 Ra5 29. Rxc4 1-0

[Event "Nicolo La Rosa op 16th"]
[Site "Mazara del Vallo"]
[Date "2008.08.11"]
[Round "1"]
[White "Bocci, Alessandro"]
[Black "Laudicina, Mariangela"]
[Result "1-0"]
[WhiteElo "1908"]
[BlackElo "1515"]
[PlyCount "48"]
[EventDate "2008.08.11"]
[EventType "swiss"]
[EventRounds "6"]
[EventCountry "ITA"]
[SourceTitle "EXT 2011"]
[Source "ChessBase"]
[SourceDate "2010.11.26"]
[SourceVersion "1"]
[SourceVersionDate "2010.11.26"]
[SourceQuality "1"]

1. d4 d5 2. c4 Nf6 3. cxd5 Nxd5 4. e4 Nb6 5. Nc3 e6 6. Nf3 N8d7 7. Be3 c6 8. Bd3 h6 9. 0-0 Be7 10. Rc1 0-0 11. Qe2 a5 12. Rfd1 a4 13. a3 Nf6 14. Bb1 Nh7 15. Qd3 Nd7 16. e5 g6 17. Bxh6 Re8 18. Ne4 b6 19. Rxc6 Ba6 20. Qc2 Bb5 21. Nd6 Nb8 22. Nxf7 Nf8 23. Nxd8 Nxc6 24. Nxc6 Rac8 1-0

[Event "Nicolo La Rosa op 15th"]
[Site "Mazara del Vallo"]
[Date "2007.08.10"]
[Round "2"]
[White "Bocci, Alessandro"]
[Black "Iracani, Michele"]
[Result "1-0"]
[WhiteElo "1929"]
[BlackElo "1615"]
[PlyCount "97"]
[EventDate "2007.08.10"]
[EventType "swiss"]
[EventRounds "6"]
[EventCountry "ITA"]
[SourceTitle "EXT 2011"]
[Source "ChessBase"]
[SourceDate "2010.11.26"]
[SourceVersion "1"]
[SourceVersionDate "2010.11.26"]
[SourceQuality "1"]

1. d4 Nf6 2. c4 g6 3. Nc3 Bg7 4. e4 c5 5. d5 d6 6. Nf3 0-0 7. Be2 Na6 8. 0-0 Nc7 9. Bg5 h6 10. Bh4 Re8 11. Qc2 Nd7 12. Ne1 g5 13. Bg3 e5 14. Bg4 Nf6 15. Bxc8 Qxc8 16. a3 a5 17. b3 Nh5 18. Rb1 b6 19. Nd3 f5 20. f3 f4 21. Bf2 g4 22. fxg4 Qxg4 23. Qd1 Qg6 24. Qf3 Rf8 25. b4 Rab8 26. Rb2 axb4 27. axb4 Na6 28. Rfb1 Nf6 29. bxc5 bxc5 30. Rb6 Nb4 31. Rxd6 Nxd3 32. Rxb8 Rxb8 33. Qxd3 Bf8 34. Rc6 Qg5 35. h4 Qg7 36. Qh3 Kh8 37. Qf5 Be7 38. Rc8+ Rxc8 39. Qxc8+ Kh7 40. Qf5+ Kg8 41. Qxe5 f3 42. Qg3 Ng4 43. Qxf3 Nxf2 44. Kxf2 Qd4+ 45. Ke2 Bxh4 46. Qg4+ Kh7 47. Qxh4 Qxc3 48. Qe7+ Kg6 49. Qxc5 1-0

[Event "Nicolo La Rosa op 15th"]
[Site "Mazara del Vallo"]
[Date "2007.08.10"]
[Round "1"]
[White "Ferrante, Filippo"]
[Black "Bocci, Alessandro"]
[Result "0-1"]
[WhiteElo "1514"]
[BlackElo "1929"]
[PlyCount "144"]
[EventDate "2007.08.10"]
[EventType "swiss"]
[EventRounds "6"]
[EventCountry "ITA"]
[SourceTitle "EXT 2011"]
[Source "ChessBase"]
[SourceDate "2010.11.26"]
[SourceVersion "1"]
[SourceVersionDate "2010.11.26"]
[SourceQuality "1"]

1. Nf3 Nf6 2. g3 g6 3. Bg2 Bg7 4. 0-0 d6 5. d3 0-0 6. Nbd2 e5 7. e4 Nc6 8. c3 Ne8 9. Re1 f5 10. Nf1 Kh8 11. Ng5 f4 12. h4 h6 13. Nh3 f3 14. Bxf3 Bxh3 15. Bg4 Bxg4 16. Qxg4 Qf6 17. Be3 Qf7 18. Nd2 Nf6 19. Qe2 Qe6 20. Kg2 Ng4 21. Nc4 d5 22. Nd2 d4 23. cxd4 exd4 24. Bf4 Be5 25. Bxe5+ Ncxe5 26. f4 Ne3+ 27. Kg1 N5g4 28. Nb3 Qd6 29. Rac1 b6 30. Nd2 c5 31. Nc4 Nxc4 32. Rxc4 Ne3 33. Rcc1 Qe6 34. Kh2 Qxa2 35. Ra1 Qe6 36. Ra6 Qg4 37. Qxg4 Nxg4+ 38. Kg2 Ne3+ 39. Kf3 Nc2 40. Re2 Nb4 41. Ra3 Kg7 42. e5 Kf7 43. Ke4 Ke6 44. Ra1 a5 45. Rf1 Nd5 46. Ref2 Ne3 47. Re1 Rf7 48. Rf3 a4 49. Ra1 h5 50. b3 a3 51. Rf2 Nd5 52. Rc2 Nc3+ 53. Kf3 a2 54. Rb2 Ra5 55. Kf2 Nd1+ 56. Rxd1 a1Q 57. Rxa1 Rxa1 58. b4 Rfa7 59. Kf3 Kd5 60. bxc5 Kxc5 61. Re2 R1a2 62. Re1 Rc2 63. e6 Re7 64. Re5+ Kd6 65. Rb5 Rxe6 66. Rxb6+ Kd5 67. Rxe6 Kxe6 68. Ke4 Rg2 69. Kxd4 Rxg3 70. Ke4 Rh3 71. d4 Rxh4 72. d5+ Kd6 0-1

[Event "Campobasso op 14th"]
[Site "Campobasso"]
[Date "2007.07.21"]
[Round "4"]
[White "Bocci, Alessandro"]
[Black "Di Lascio, Savino"]
[Result "1-0"]
[WhiteElo "1929"]
[BlackElo "2014"]
[PlyCount "143"]
[EventDate "2007.07.20"]
[EventType "swiss"]
[EventRounds "6"]
[EventCountry "ITA"]
[SourceTitle "EXT 2009"]
[Source "ChessBase"]
[SourceDate "2008.11.26"]
[SourceVersion "1"]
[SourceVersionDate "2008.11.26"]
[SourceQuality "1"]

1. d4 Nf6 2. c4 e6 3. Nf3 b6 4. a3 Bb7 5. Nc3 Be7 6. d5 d6 7. e4 e5 8. Be2 h6 9. 0-0 Nbd7 10. Ne1 g5 11. Be3 Nf8 12. Nd3 Ng6 13. b4 0-0 14. c5 Nf4 15. Rc1 Kh7 16. cxd6 cxd6 17. Qd2 Rc8 18. Rc2 Rxc3 19. Qxc3 Nxe4 20. Qb2 Nxe2+ 21. Rxe2 f5 22. Rc1 Nf6 23. f3 Nxd5 24. Bf2 Qd7 25. Rec2 e4 26. fxe4 fxe4 27. Ne1 Qf5 28. h3 e3 29. Bxe3 Qf1+ 30. Kh2 Nxe3 31. Rc7 Qf4+ 32. Kg1 Qe4 33. Qb1 Rf1+ 34. Kh2 Rf7 35. Rxb7 d5 36. Qxe4+ dxe4 37. Rd7 Nf1+ 38. Kh1 Ng3+ 39. Kh2 Nf5 40. Kh1 h5 41. Rcc7 h4 42. Kg1 Kg6 43. Rxa7 Ng3 44. Nf3 exf3 45. gxf3 Kf6 46. Kg2 Nf5 47. Ra6 Ke6 48. Rd3 Bd6 49. Rxb6 Rc7 50. a4 Rc2+ 51. Kg1 Ke5 52. Rb5+ Ke6 53. Rb6 Rc4 54. a5 Nd4 55. a6 Ke5 56. a7 Rc8 57. Kf2 Rc2+ 58. Ke1 Ra2 59. Rxd6 Nxf3+ 60. Rxf3 Kxd6 61. Rf7 Ke6 62. Rb7 Kf5 63. b5 Kf4 64. b6 Kg3 65. Rb8 Ra1+ 66. Ke2 Ra2+ 67. Kd3 Kxh3 68. a8Q Rxa8 69. Rxa8 g4 70. b7 g3 71. b8Q g2 72. Ra1 1-0

[Event "Campobasso op 14th"]
[Site "Campobasso"]
[Date "2007.07.20"]
[Round "2"]
[White "Bocci, Alessandro"]
[Black "Parrini, Daniele"]
[Result "1/2-1/2"]
[WhiteElo "1929"]
[BlackElo "2026"]
[PlyCount "61"]
[EventDate "2007.07.20"]
[EventType "swiss"]
[EventRounds "6"]
[EventCountry "ITA"]
[SourceTitle "EXT 2009"]
[Source "ChessBase"]
[SourceDate "2008.11.26"]
[SourceVersion "1"]
[SourceVersionDate "2008.11.26"]
[SourceQuality "1"]

1. d4 Nf6 2. c4 g6 3. Nc3 d5 4. cxd5 Nxd5 5. e4 Nxc3 6. bxc3 Bg7 7. Qa4+ Bd7 8. Qa3 0-0 9. Bg5 Re8 10. Nf3 h6 11. Be3 b6 12. Rd1 Bc6 13. d5 Bb7 14. Bb5 Rf8 15. 0-0 a6 16. Be2 Qd6 17. Qxd6 exd6 18. Bd4 Nd7 19. Bxg7 Kxg7 20. Nd4 Rae8 21. Bd3 Re7 22. f3 Nc5 23. g4 Rfe8 24. Bc2 Nd7 25. Ba4 b5 26. Bb3 Nc5 27. Bc2 Rb8 28. Ra1 Ba8 29. Rfb1 Ree8 30. Rb4 Rb6 31. a4 1/2-1/2

[Event "Campobasso op 14th"]
[Site "Campobasso"]
[Date "2007.07.20"]
[Round "1"]
[White "Gerardi, Saverio"]
[Black "Bocci, Alessandro"]
[Result "1-0"]
[WhiteElo "2130"]
[BlackElo "1929"]
[PlyCount "49"]
[EventDate "2007.07.20"]
[EventType "swiss"]
[EventRounds "6"]
[EventCountry "ITA"]
[SourceTitle "EXT 2009"]
[Source "ChessBase"]
[SourceDate "2008.11.26"]
[SourceVersion "1"]
[SourceVersionDate "2008.11.26"]
[SourceQuality "1"]

1. e4 c5 2. Nf3 Nf6 3. Nc3 e6 4. d4 cxd4 5. Nxd4 Qc7 6. Be3 a6 7. Qd2 Nc6 8. f3 Bb4 9. a3 Be7 10. g4 h6 11. h4 b5 12. Nxc6 dxc6 13. Rg1 Bb7 14. g5 Rd8 15. Qf2 Nd7 16. g6 f6 17. Bh3 e5 18. 0-0-0 b4 19. axb4 Bxb4 20. Bxd7+ Rxd7 21. Bb6 Qc8 22. Rxd7 Kxd7 23. Rd1+ Ke6 24. Qf1 c5 25. Qc4+ 1-0

[Event "Emilia Romagna Province-ch"]
[Site "Formigine"]
[Date "2007.05.01"]
[Round "6"]
[White "Bocci, Alessandro"]
[Black "Chierici, Marianna"]
[Result "1-0"]
[WhiteElo "1909"]
[BlackElo "1996"]
[PlyCount "263"]
[EventDate "2007.04.28"]
[EventType "swiss"]
[EventRounds "6"]
[EventCountry "ITA"]
[SourceTitle "EXT 2009"]
[Source "ChessBase"]
[SourceDate "2008.11.26"]
[SourceVersion "1"]
[SourceVersionDate "2008.11.26"]
[SourceQuality "1"]

1. d4 d6 2. c4 e5 3. dxe5 dxe5 4. Qxd8+ Kxd8 5. Nf3 f6 6. Nc3 Be6 7. b3 c6 8. Bb2 Nh6 9. g3 Nd7 10. Bg2 Kc7 11. 0-0 Nf5 12. Ne4 Be7 13. Rfd1 h5 14. h4 Nc5 15. Nfd2 b6 16. Nxc5 Bxc5 17. e3 Rad8 18. Ne4 Be7 19. Rac1 Rxd1+ 20. Rxd1 Rd8 21. Rxd8 Kxd8 22. Kf1 Kc7 23. Ke2 a5 24. Nc3 Bc5 25. Bf3 Bf7 26. Bg2 Bg6 27. Ne4 Be7 28. Nc3 Nd6 29. Kd2 Nb7 30. Ne4 a4 31. Nc3 Bb4 32. a3 Bxc3+ 33. Kxc3 axb3 34. Kxb3 Bf7 35. f4 exf4 36. gxf4 Na5+ 37. Kc3 Nxc4 38. Bc1 c5 39. e4 Nd6 40. Be3 Nb5+ 41. Kb2 Kd6 42. Bf2 Nd4 43. Bg3 Ne2 44. Bh2 Kc6 45. e5+ Bd5 46. Bf1 Nd4 47. exf6 gxf6 48. Bd3 Be6 49. Kc3 Bf5 50. Bf1 Be4 51. Bg1 Nf5 52. Bf2 Ne7 53. Bc4 Bd5 54. Be2 Bf7 55. Bf3+ Kb5 56. Be4 Nc8 57. Bd3+ Ka4 58. Kb2 Nd6 59. Be1 f5 60. Bc3 Bg6 61. Be5 Nb7 62. Bc3 Nd8 63. Be5 Nf7 64. Bc7 Ka5 65. Kb3 Nh6 66. Be5 b5 67. Bc7+ Ka6 68. Kc3 Kb7 69. Be5 Kb6 70. Be2 Ng8 71. Bf3 Bf7 72. Be2 Ne7 73. Bf3 Be8 74. Bf6 Nc8 75. Bd8+ Ka6 76. Bf6 Ka5 77. Be5 Nb6 78. Bc7 Ka6 79. Bd6 Na4+ 80. Kc2 Bf7 81. Be2 Be8 82. Bd3 Bg6 83. Be2 Kb6 84. Bf3 Bf7 85. Be7 Kc7 86. Bf8 Kd7 87. Be2 Kc6 88. Bf3+ Kc7 89. Be2 Kb6 90. Bd3 Bg6 91. Be2 Ka5 92. Be7 Nb6 93. Bxc5 Nd5 94. Bd6 Ne3+ 95. Kc3 Ng2 96. Bc7+ Ka6 97. Kb4 Be8 98. Bd6 Nxh4 99. a4 Ng2 100. axb5+ Ka7 101. Bf3 Ne1 102. Bd5 h4 103. Ka5 Bxb5 104. Kxb5 h3 105. Bh1 Nd3 106. Kc6 Nc1 107. Bc5+ Kb8 108. Bg1 Kc8 109. Kd6 Kd8 110. Ke6 Ke8 111. Kxf5 Ne2 112. Bh2 Kf7 113. Kg4 Kf6 114. Bf3 Nd4 115. Be4 Ne2 116. Kxh3 Nc3 117. Bc2 Ne2 118. Kg4 Nd4 119. Bb1 Ne2 120. Bg3 Nc3 121. Bh4+ Kg7 122. Bc2 Kh6 123. Bf6 Nd5 124. Bg5+ Kg7 125. Bb1 Nc3 126. Bc2 Nd5 127. f5 Kf8 128. Bd2 Kg7 129. Kg5 Kf8 130. f6 Ke8 131. Bb3 Ne7 132. Bb4 1-0

[Event "Emilia Romagna Province-ch"]
[Site "Formigine"]
[Date "2007.04.28"]
[Round "2"]
[White "Bocci, Alessandro"]
[Black "Buriani, Andrea"]
[Result "1/2-1/2"]
[WhiteElo "1909"]
[BlackElo "2144"]
[PlyCount "73"]
[EventDate "2007.04.28"]
[EventType "swiss"]
[EventRounds "6"]
[EventCountry "ITA"]
[SourceTitle "EXT 2009"]
[Source "ChessBase"]
[SourceDate "2008.11.26"]
[SourceVersion "1"]
[SourceVersionDate "2008.11.26"]
[SourceQuality "1"]

1. d4 d5 2. c4 dxc4 3. Nf3 c5 4. e3 cxd4 5. exd4 Be6 6. Nc3 Nf6 7. Qa4+ Nc6 8. Bxc4 Bxc4 9. Qxc4 e6 10. 0-0 Be7 11. Bg5 0-0 12. Rfd1 Qb6 13. Bxf6 Bxf6 14. d5 Na5 15. Qe2 Bxc3 16. bxc3 exd5 17. Rxd5 Rac8 18. Qd3 h6 19. Rd1 Nc4 20. Rb1 Qc6 21. h3 Nb6 22. Ra5 a6 23. Ra3 Nc4 24. Rab3 b5 25. Qf5 Rfe8 26. Rd1 Rc7 27. Rbb1 Nd6 28. Qd3 Ne4 29. Re1 Nxc3 30. Rxe8+ Qxe8 31. Re1 Qd7 32. Qc2 g6 33. Ne5 Qe6 34. Qd3 Kh7 35. Qd8 Qf6 36. Ng4 Qd4 37. Qf8 1/2-1/2